000 00829nam a2200241 a 4500
001 BRCA_5866
005 20190320205238.0
008 160311t1918----mx-a######---#000-0#spa-#
041 _aspa
044 _amx
050 4 _aF1219
_b.H46
_c1918
100 1 _aHenning, Paul.
_98074
245 1 0 _aLa Arqueología Mexicana como norma para el estudio de las antiguedades nahoa-pipiles, el xipe del tazumal de Chalchuapa, Dept. de Sta. Ana, Rep. de El Salvador
260 _aMéxico
_bServicio de informaciones alemanas en México.
_c1918
300 _a30 p.
_bil.
_c23 cm.
500 _aDisertaciones Científicas de autores alemanes en México, Nº4
500 _aH116
650 1 4 _aArqueología
_98098
651 4 _aMéxico
_xAntiguedades
_92765
651 4 _aEl Salvador
_xAntiguedades
_914853
902 _aGFM
942 _2lcc
_cB
999 _c5555
_d5555